| 000 | 00349 a2200109 4500 | ||
|---|---|---|---|
| 001 | ART_54423 | ||
| 005 | 20260410162009.0 | ||
| 008 | 260409a | ||
| 245 | 1 | 0 | _aDonación, legítima y prescripción adquisitiva |
| 100 | 1 | _aFossaceca, Carlos Alberto (h) | |
| 773 | 0 |
_tTemas de derecho civil _g- Año 7, N° 10 (oct. 2021) _wREV34778 |
|
| 999 |
_c31973 _d31973 |
||